Szczegóły MARC21

Eurydice : sieć informacji o edukacji w Europie /

003 -Nazwa inst., której nr kontr. jest w polu 001 [,]
    • @
    • Nazwa instytucji, której n kontrolny jest w polu 001
    • NUKAT
005 -DATA I CZAS OSTATNIEJ MODYFIKACJI [,]
    • @
    • pole kontrolne
    • 20241231090053.0
020 -Międzynarod. znormalizowany nr książki - ISBN [ , ]
    • a
    • Numer ISBN
    • 8387716677 Find
040 -Instytucja sporządzająca opis [ , ]
    • a
    • Instytucja, która sporządziła opis (NP)
    • OLSZT 003/NZ
    • c
    • Instytucja, która sporządziła rekord (NP)
    • OLSZT 003/NZ
    • d
    • Instytucja, która zmodyfikowała rekord (P)
    • OLSZT 003/NZ
    • d
    • Instytucja, która zmodyfikowała rekord (P)
    • OLSZT 003/KBs
041 -Język dokumentu [1, ]
    • a
    • Język tekstu (P)
    • polski
    • h
    • Język tekstu oryginalnego i/lub pośredniego (P)
    • angielski
942 -Rodzaj dokumentu [ , ]
    • c
    • Rodzaj dokumentu
    • Książka
110 -Hasło główne - nazwa ciała zbiorowego [2, ]
    • a
    • Nazwa ciała zbiorowego lub nazwa geograficzna jako pierwszy element (NP)
    • Eurydice (1980- ). Find
    • 9
    • KHW
    • 664475
245 -Strefa tytułu i oznaczenia odpowiedzialności [1,0]
    • a
    • Tytuł
    • Eurydice : Find
    • b
    • Ciąg dalszy tytułu (NP)
    • sieć informacji o edukacji w Europie / Find
    • c
    • Pozostałe elementy strefy tytułu i oznaczenia odpowiedzialności (NP)
    • Eurydice.
246 -Wariant tytułu [1, ]
    • i
    • Tekst wyświetlany na ekranie monitora (NP)
    • Tyt. oryg.:
    • a
    • Tytuł (NP)
    • EURYDICE - The information network on education in Europe
260 -Strefa adresu wydawniczego [ , ]
    • a
    • Miejsce wydania (P)
    • Warszawa :
    • b
    • Nazwa wydawcy (P)
    • Fundacja Rozwoju Systemu Edukacji,
    • c
    • Data wydania (P)
    • 2004.
300 -Strefa opisu fizycznego [ , ]
    • a
    • Określenie formy książki i/lub objętość (NP)
    • 24 s. :
    • b
    • Oznaczenie ilustracji (NP)
    • fot., mapa, wykr. ;
    • c
    • Format (NP)
    • 21 cm.
336 -Typ zawartości [ , ]
    • a
    • Termin opisujący typ zawartości
    • Tekst
    • b
    • Kod określający zawartość
    • txt
    • 2
    • Źródło (terminu i kodu)
    • rdacontent
337 -Typ mediów [ , ]
    • a
    • Tryb odtwarzania
    • Bez urządzenia pośredniczącego
    • b
    • Kod typu mediów
    • n
    • 2
    • Źródło (terminu i kodu)
    • rdamedia
338 -Typ/rodzaj nośnika [ , ]
    • a
    • Hasło opisujące typ nośnika
    • Wolumin
    • b
    • Kod typu nośnika
    • nc
    • 2
    • Źródło (terminu i kodu)
    • rdacarrier
536 -Uwaga dot. finansowania książki [ , ]
    • a
    • Tekst uwagi
    • Publikacja sfinansowana ze środków Komisji Europejskiej w ramach programu SOCRATES
080 -Uniwersalna Klasyfikacja Dziesiętna [ , ]
    • a
    • Symbol klasyfikacji
    • 37.014(4-67)"1989/..."(058)
650 -Hasło przedmiotowe [ ,7]
    • a
    • Hasło przedmiotowe
    • Edukacja
    • z
    • Określnik geograficzny
    • Europa
    • y
    • Określnik chronologiczny
    • 1990-.
    • 2
    • Źródło terminu
    • kaba
    • 9
    • KHW
    • 384181
650 -Hasło przedmiotowe [ ,7]
    • a
    • Hasło przedmiotowe
    • Nowe technologie informacyjne i komunikacyjne
    • z
    • Określnik geograficzny
    • Europa
    • y
    • Określnik chronologiczny
    • 1990-.
    • 2
    • Źródło terminu
    • kaba
    • 9
    • KHW
    • 714989
980 -Symbol UKD [ , ]
    • a
    • UKD
    • 37.014(4-67)"1989/..."(058)
920 -ISBN [ , ]
    • a
    • ISBN
    • 83-87716-67-7 Find
Numer inwentarzowy Lokalizacja Data inwentaryzacji Status udost.
Pd.17332BG2005-11-101
Pd.17331BG2005-11-10-6